01503njm a2200325Ia 450000100060000000300090000600500170001500800410003204000130007304000130008610000200009910000180011910000380013724500390017525000110021426000110022526000670023630000100030330000290031350000160034250502400035865000460059870000640064470000770070870000690078570000920085470000820094670000690102870000800109725898IT-RoPAU20220918181133.0131025s9999 xx 000 0 und d aIT-RoPAU cIT-RoPAU aMonk Thelonious eAutore musica gCodice autore musica SPICS: 10795 aMonk On Riverside 1959-61, vol. 20 a2a ed. aMILANO bRIVERSIDE RECORDSc1984 [1a Ed.:1961 - Ed. Lingua Orig.: 1961] aDISCO c45 minuti (Testo: pag.) aMusica jazz aJackie Ing - Crepescule With Nellie - Straight, No Chaser - San Francisco Holiday - Rhythm a Ning - Epistrophy - Just A Gigolo [(21 aprile 1961) (2:00)] - Body and Soul [(21 aprile 1961) (5:00)] - Bemsha Swing [(21 aprile 1961) (8:00)] aJAZZ [DISCHI]eCodice MATERIA SPICS: 9950 aMonk TheloniousgCodice interprete SPICS: 10795eInterprete aBrammergCodice autore musica SPICS: 27930eAutore musicapJust A Gigolo aCaesar IrvinggCodice autore SPICS: 20298eAutorepJust A Gigolo aCasucci L.gCodice autore testo/musica SPICS: 25137eAutore testo/musicapJust A Gigolo aGreen BerniegCodice autore musica SPICS: 15839eAutore musicapBody and Soul aHeyman EdwardgCodice autore SPICS: 15566eAutorepBody and Soul aBest DenzilgCodice autore musica SPICS: 24586eAutore musicapBemsha Swing